000 01034nas a2200337 4500
001 BR2015002922
003 BR-BrBNA
005 20231205125343.0
007 ta
008 230509b bl.|||p| |||| 00| 00por d
040 _aBR-BrBNA
_bpor
_cBiblioteca Nacional de Agricultura
041 _a(Pt)
072 _aN20
100 1 _aSchlosser, J.F.
100 1 _aDornelles, M.E.
100 1 _aPinheiro, E.D.
100 1 _aDurigon, R.
100 1 _aRussini, A.
245 1 _aUniformidade de picado processado por colhedora de forragem
246 1 _aUniformity of green matter processed by forage harvester
650 _aMAQUINA AGRICOLA
650 _aEQUIPAMENTO AGRICOLA
650 _aFORRAGEM
650 _aCOLHEITADEIRA
650 _aENSILAGEM
650 _aANALISE
773 0 _tEngenharia Agrícola (Brazil)
_xISSN 1809-4430
_g(Mar-Apr 2010), v. 30(2) p. 299-306
_wBR2015002922
856 4 0 _uhttp://www.scielo.br/pdf/eagri/v30n2/v30n2a12.pdf
909 _a202311
_bLúcia
_c55
_dLúcia Elande
942 _2AGRIS
_n0
_cANA
999 _c243945
_d243945